Legislativní změny v oblasti cestovního práva v roce 2022 se zaměřením na nařízení EÚ o shromažďování a sdílení údajů v oblasti krátkodobých pronájmů ubytování
V roku 2022 vykonaný rozbor pripravovaných zmien európskych predpisov cestovného ruchu, ktoré bude musieť prevziať aj Česká republika.
Salvato in:
| Autore principale: | |
|---|---|
| Altri autori: | |
| Natura: | Capitolo di libro |
| Lingua: | ceco |
| Soggetti: | |
| Tags: |
Nessun Tag, puoi essere il primo ad aggiungerne!!
|
MARC
| LEADER | 00000naa a2200000 4500 | ||
|---|---|---|---|
| 001 | 0304579 | ||
| 005 | 20241014093311.5 | ||
| 041 | 0 | |a cze | |
| 044 | |a CZ | ||
| 245 | 1 | 0 | |a Legislativní změny v oblasti cestovního práva v roce 2022 se zaměřením na nařízení EÚ o shromažďování a sdílení údajů v oblasti krátkodobých pronájmů ubytování |c Renata Králová, Klára Dvořáková |
| 520 | |a V roku 2022 vykonaný rozbor pripravovaných zmien európskych predpisov cestovného ruchu, ktoré bude musieť prevziať aj Česká republika. | ||
| 610 | 2 | 0 | |a právo |
| 610 | 2 | 0 | |a legislatíva |
| 610 | 2 | 0 | |a zákony |
| 610 | 2 | 0 | |a úpravy právne |
| 610 | 2 | 0 | |a Česko |
| 610 | 2 | 0 | |a právo európske |
| 100 | 1 | |a Králová, Renata | |
| 700 | 1 | |a Dvořáková, Klára | |